A step-by-step introduction to statistics for business / (Record no. 3477)

MARC details
000 -LEADER
fixed length control field 00696nam a22002175i 4500
008 - FIXED-LENGTH DATA ELEMENTS--GENERAL INFORMATION
fixed length control field 180810s2018 cau 000 0 eng
020 ## - INTERNATIONAL STANDARD BOOK NUMBER
ISBN 9781473948112 (pbk. : alk. paper)
020 ## - INTERNATIONAL STANDARD BOOK NUMBER
ISBN 9781473948105 (hardback : alk. paper)
020 ## - INTERNATIONAL STANDARD BOOK NUMBER
ISBN 9781526417527 (epub 2)
020 ## - INTERNATIONAL STANDARD BOOK NUMBER
ISBN 9781526417534 (epub 3)
020 ## - INTERNATIONAL STANDARD BOOK NUMBER
ISBN 9781526417541 (web pdf)
020 ## - INTERNATIONAL STANDARD BOOK NUMBER
ISBN 9781526417558 (xmltei)
100 1# - MAIN ENTRY--AUTHOR
Author Landers, Richard N.
245 12 - TITLE STATEMENT
Title A step-by-step introduction to statistics for business /
Statement of responsibility, etc Richard N. Landers.
250 ## - EDITION STATEMENT
Edition statement 2nd edition.
260 ## - PUBLICATION, DISTRIBUTION, ETC. (IMPRINT)
Place of publication London
Name of publisher Sage Publications
Date of publication 2019
300 ## - COLLATION
Pagination xxviii, 462p.
Other physical details ill.
650 ## - TRACINGS
Main Subject Commercial Statistics
942 ## - ADDED ENTRY ELEMENTS (KOHA)
Item type Books
050 ## - LIBRARY OF CONGRESS CALL NUMBER
Classification number HF1017
Item number .L36
Holdings
Source of classification or shelving scheme Not for loan Permanent location Current location Date acquired Accession No. Full call number Barcode. Koha item type
Library of Congress Classification   Samuel Ogbemudia Main Library, University of Abuja Samuel Ogbemudia Main Library, University of Abuja 05/14/2025 2024/64020 HF1017.L36 2025-1945 Books